Statystyki dla 15 krajów o największej liczbie zgonów Covid19 - 9 marzec 2022

Kliknij tutaj aby rozwiązać quiz!

Ogólne statystyki

  • Ten quiz został rozwiązany 30 razy
  • Średni wynik to 12 z 26

Statystyki odpowiedzi

kraj% Poprawnych
Francja
93%
Polska
93%
Niemcy
89%
Rosja
89%
Stany Zjednoczone
89%
Włochy
74%
Indie
70%
Brazylia
67%
Meksyk
59%
Wielka Brytania
59%
Argentyna
56%
Kolumbia
37%
Czechy
33%
Peru
33%
Słowacja
33%
Węgry
30%
Litwa
26%
Rumunia
26%
Słowenia
26%
Bułgaria
22%
Chorwacja
22%
Iran
22%
Indonezja
19%
Bośnia i Hercegowina
15%
Gruzja
7%
Macedonia Północna
7%

Rozkład punktacji

Percentyl według liczby udzielonych odpowiedzi

Procent ludzi z każdym wynikiem

Twoja historia wyników

Nie rozwiązałeś tego quizu